000 00542nam a2200193Ia 4500
003 GCL
008 140319s9999 xx 000 0 ara d
040 _aGCL /
_cGCL
082 0 4 _aط
_b813.0873
_bك ح
100 1 _aكامل كيلانى
245 1 0 _aحى بن يقظان /
_cكامل كيلانى
260 _a[S.N] :
_bدار المعارف ،
_c1991
300 _a112 ص
490 _aقصص عربية
_v0
650 0 4 _aالقصص العربية
650 0 4 _aالاطفال
650 0 4 _aقصص الاطفال
942 _2ddc
_cBK
999 _c56870
_d56870